Las dos bombas / (Record no. 186751)

MARC details
000 -LEADER
campo de control de longitud fija 00653nam a2200205 i 4500
001 - NÚMERO DE CONTROL
campo de control 186751
003 - IDENTIFICADOR DE NÚMERO DE CONTROL
campo de control ES-MaACL
005 - FECHA Y HORA DE LA ÚLTIMA TRANSACCIÓN
campo de control 20251015063156.0
008 - DATOS DE LONGITUD FIJA--INFORMACIÓN GENERAL
campo de control de longitud fija 170213s1910 sp |||| | spa d
080 ## - NÚMERO DE LA CLASIFICACIÓN DECIMAL UNIVERSAL
Número de la Clasificación Decimal Universal 821.134.2-32"19"
100 1# - ENTRADA PRINCIPAL--NOMBRE DE PERSONA
Nombre de persona Varela, Benigno,
Fechas asociadas al nombre 1882-1946
9 (RLIN) 113129
245 14 - MENCIÓN DEL TÍTULO
Título Las dos bombas /
Mención de responsabilidad, etc. novela de Benigno Varela ; ilustraciones de Pueyo.
260 ## - PUBLICACIÓN, DISTRIBUCIÓN, ETC.
Lugar de publicación, distribución, etc. Madrid :
Nombre del editor, distribuidor, etc. Los Contemporáneos,
Fecha de publicación, distribución, etc. 1910.
300 ## - DESCRIPCIÓN FÍSICA
Extensión [20] p. :
Otras características físicas il. ;
Dimensiones 27 cm.
490 1# - MENCIÓN DE SERIE
Mención de serie Los contemporáneos ;
Designación de volumen o secuencia 59
700 1# - ENTRADA AGREGADA--NOMBRE PERSONAL
Nombre de persona Pueyo, J.
9 (RLIN) 161712
830 0# - PUNTO DE ACCESO ADICIONAL DE SERIE-TÍTULO UNIFORME
Título uniforme Los contemporáneos ;
Designación de volumen o secuencia 59
9 (RLIN) 185715
852 ## - LOCALIZACIÓN
Ubicación ES-MaACL
Número de control de estantería R-2598(6)
Holdings
Estatus retirado Estado de pérdida Estado de daño No para préstamo Biblioteca de origen Biblioteca actual Ubicación en estantería Fecha de adquisición Fuente de adquisición Total de préstamos Signatura topográfica completa Código de barras Visto por última vez Precio de reemplazo Tipo de ítem Koha
        Biblioteca del Ateneo de Madrid Biblioteca del Ateneo de Madrid Depósito 13/02/2017     R-2598(6) 1196986 23/02/2023 23/02/2023 Libro impreso